[Event "IND-ch Challengers 53rd"]
[Site "Nagpur"]
[Date "2015.08.18"]
[Round "2"]
[White "Rathnakaran, Kantholi"]
[Black "Tiwari, Arjun"]
[Result "1-0"]
[WhiteElo "2417"]
[BlackElo "2142"]
[PlyCount "142"]
[EventDate "2015.08.17"]
[EventType "swiss"]
[EventRounds "13"]
[EventCountry "IND"]
[SourceTitle "EXT 2016"]
[Source "ChessBase"]
[SourceDate "2015.10.08"]
[SourceVersion "1"]
[SourceVersionDate "2015.10.08"]
[SourceQuality "1"]

1. e4 c5 2. Nf3 Nc6 3. Bb5 g6 4. 0-0 Bg7 5. Re1 e5 6. Bxc6 dxc6 7. h3 Qe7 8. d3 Nf6 9. Be3 Nd7 10. Nbd2 Nf8 11. a4 Ne6 12. a5 0-0 13. Nc4 Nd4 14. Nfd2 Be6 15. f4 Bxc4 16. Nxc4 Rad8 17. fxe5 Bxe5 18. c3 Nb5 19. Nxe5 Qxe5 20. Bh6 Rfe8 21. Re3 Rd7 22. Qg4 Qe6 23. Qg3 Nd6 24. Rf1 c4 25. dxc4 Nxe4 26. Qh4 f5 27. g4 Rf7 28. Rfe1 Qe7 29. Qxe7 Rfxe7 30. gxf5 gxf5 31. Rd3 Kf7 32. Rf1 Ke6 33. Kh2 Rg8 34. Be3 Rg3 35. Rg1 Rf3 36. Rgd1 a6 37. c5 Rg7 38. Bd4 Rxd3 39. Rxd3 Rd7 40. Rf3 Rf7 41. Rf4 Kd5 42. b3 Nd2 43. b4 Ne4 44. Kg2 Kc4 45. Be5 Kd3 46. h4 h5 47. Rf3+ Ke2 48. Bd4 f4 49. Be5 Rf5 50. Bxf4 Nxc3 51. Re3+ Kd1 52. Bg5 Nd5 53. Rf3 Rxf3 54. Kxf3 Nxb4 55. Ke4 Ke2 56. Kf5 Kf3 57. Be7 Nd5 58. Bd6 Ne3+ 59. Kg5 Ke4 60. Kxh5 Kf5 61. Be7 Nc4 62. Kh6 Nxa5 63. h5 Nc4 64. Kg7 Ne5 65. h6 a5 66. h7 Ng6 67. Bf6 a4 68. Kf7 a3 69. Kg7 a2 70. Kf7 Ne5+ 71. Bxe5 Kxe5 1-0